000 nam a22 7a 4500
999 _c126438
_d126438
008 170511b xxu||||| |||| 00| 0 eng d
050 _aBL504.I3 2001
245 _aIf i should die
_cEdited by Leroy S. Rouner
260 _aNotre Dame, Indiana
_bUniversity of Notre Dame
_c2001
300 _axvii, 192p. ;
_c23cm.
650 _aDeath
_xReligious aspects
_929381
650 _aImmorality (Philosophy)
_930802
700 _aRouner, Leroy S.
_eed.
_917290
942 _2lcc
_cMONOGRAPH